[Event "12th KIIT International 2019"]
[Site "Odisha"]
[Date "2019.06.02"]
[Round "4.6"]
[White "Siva Mahadevan"]
[Black "Khusenkhojaev, Muhammad"]
[Result "0-1"]
[WhiteElo "2298"]
[BlackElo "2446"]
[Annotator "ChessBase"]
[PlyCount "120"]
[EventDate "2019.01.18"]
[EventType "swiss"]
[EventCountry "IND"]
[SourceTitle "playchess.com"]
[Source "ChessBase"]
[SourceQuality "1"]
[TimeControl "5400+30"]

1. e4 {[%emt 0:00:00]} e5 {[%emt 0:00:00]} 2. Nf3 {[%emt 0:00:00]} Nc6 {[%emt 0:00:00]} 3. Bb5 {[%emt 0:00:00]} Nf6 {[%emt 0:00:00]} 4. O-O {[%emt 0:00:38]} Nxe4 {[%emt 0:00:07]} 5. Re1 {[%emt 0:00:51]} Nd6 {[%emt 0:00:07]} 6. Nxe5 {[%emt 0:00:04]} Be7 {[%emt 0:00:16]} 7. Bf1 {[%emt 0:01:16]} Nxe5 {[%emt 0:00:08]} 8. Rxe5 {[%emt 0:00:02]} O-O {[%emt 0:00:12]} 9. d4 {[%emt 0:11:05]} Bf6 {[%emt 0:00:23]} 10. Bd3 {[%emt 0:01:45]} Ne8 {[%emt 0:02:58]} 11. Re1 {[%emt 0:06:04]} d5 {[%emt 0:00:47]} 12. c3 {[%emt 0:01:03]} c6 {[%emt 0:02:07]} 13. Bf4 {[%emt 0:00:36]} g6 {[%emt 0:01:06]} 14. Nd2 {[%emt 0:00:23]} Ng7 {[%emt 0:00:49]} 15. Qb3 {[%emt 0:02:38]} Qb6 {[%emt 0:02:00]} 16. a4 {[%emt 0:05:41]} Bd7 {[%emt 0:09:30]} 17. a5 {[%emt 0:11:44]} Qxb3 {[%emt 0:01:24]} 18. Nxb3 {[%emt 0:00:02]} Ne6 {[%emt 0:05:38]} 19. Bd6 {[%emt 0:01:04]} Rfe8 {[%emt 0:00:25]} 20. f4 {[%emt 0:20:14]} Rad8 {[%emt 0:04:54]} 21. g3 {[%emt 0:15:08]} a6 {[%emt 0:02:39]} 22. Kg2 {[%emt 0:02:45]} Ng7 {[%emt 0:07:33]} 23. Nc5 {[%emt 0:02:14]} Rxe1 {[%emt 0:01:09]} 24. Rxe1 {[%emt 0:00:02]} Bc8 {[%emt 0:00:22]} 25. Be5 {[%emt 0:07:45]} Re8 {[%emt 0:00:12]} 26. Kf2 {[%emt 0:00:38]} Be7 {[%emt 0:03:25]} 27. Bxg7 {[%emt 0:05:02]} Kxg7 {[%emt 0:00:45]} 28. b4 {[%emt 0:00:10]} Kf8 {[%emt 0:00:45]} 29. Kf3 {[%emt 0:00:42]} Rd8 {[%emt 0:03:24]} 30. Re3 {[%emt 0:02:08]} Bd6 {[%emt 0:00:18]} 31. Re1 {[%emt 0:00:20]} Kg7 {[%emt 0:00:50]} 32. Re3 {[%emt 0:01:20]} Kf6 {[%emt 0:05:34]} 33. h4 {[%emt 0:01:37]} h6 {[%emt 0:02:47]} 34. Re1 {[%emt 0:00:46]} Rh8 {[%emt 0:00:53]} 35. Rh1 {[%emt 0:01:06]} Re8 {[%emt 0:00:26]} 36. Kf2 {[%emt 0:00:24]} Re7 {[%emt 0:00:32]} 37. Re1 {[%emt 0:00:39]} Rxe1 {[%emt 0:00:42]} 38. Kxe1 {[%emt 0:00:02]} g5 {[%emt 0:00:25]} 39. hxg5+ {[%emt 0:00:57]} hxg5 {[%emt 0:00:05]} 40. fxg5+ {[%emt 0:00:32]} Kxg5 {[%emt 0:00:06]} 41. Kf2 {[%emt 0:00:25]} Kg4 {[%emt 0:00:30]} 42. Be2+ {[%emt 0:00:29]} Kh3 {[%emt 0:00:15]} 43. Bf1+ {[%emt 0:00:34]} Kh2 {[%emt 0:00:22]} 44. Nd3 {[%emt 0:00:18]} Bxg3+ {[%emt 0:01:02]} 45. Kf3 {[%emt 0:00:02]} f6 {[%emt 0:02:08]} 46. Be2 {[%emt 0:01:07]} Kh3 {[%emt 0:02:29]} 47. Nf4+ {[%emt 0:00:35]} Kh2 {[%emt 0:01:05]} 48. Nd3 {[%emt 0:00:13]} Bh3 {[%emt 0:01:44]} 49. Nc5 {[%emt 0:00:22]} f5 {[%emt 0:01:07]} 50. Bd3 {[%emt 0:00:55]} Bg4+ {[%emt 0:00:17]} 51. Ke3 {[%emt 0:00:03]} f4+ {[%emt 0:00:16]} 52. Kd2 {[%emt 0:00:03]} Bc8 {[%emt 0:00:47]} 53. Ke2 {[%emt 0:00:53]} Kg2 {[%emt 0:00:18]} 54. Bc2 {[%emt 0:01:02]} f3+ {[%emt 0:00:23]} 55. Ke3 {[%emt 0:00:03]} f2 {[%emt 0:00:38]} 56. Bd3 {[%emt 0:00:04]} f1=Q {[%emt 0:00:50]} 57. Bxf1+ {[%emt 0:00:03]} Kxf1 {[%emt 0:00:06]} 58. Kd2 {[%emt 0:00:15]} Bf4+ {[%emt 0:00:34]} 59. Kc2 {[%emt 0:00:07]} Ke2 {[%emt 0:00:15]} 60. Kb2 {[%emt 0:00:25]} Bd6 {[%emt 0:00:25]} 0-1

[Event "12th KIIT International 2019"]
[Site "Odisha"]
[Date "2019.06.02"]
[Round "4.7"]
[White "Shyaamnikhil P"]
[Black "Nayak Rajesh"]
[Result "1/2-1/2"]
[WhiteElo "2434"]
[BlackElo "2175"]
[Annotator "ChessBase"]
[PlyCount "50"]
[EventDate "2019.01.18"]
[EventType "swiss"]
[EventCountry "IND"]
[SourceTitle "playchess.com"]
[Source "ChessBase"]
[SourceQuality "1"]
[TimeControl "5400+30"]

1. e4 {[%emt 0:00:00]} c5 {[%emt 0:02:28]} 2. Nc3 {[%emt 0:00:38]} Nc6 {[%emt 0:02:18]} 3. g3 {[%emt 0:07:36]} g6 {[%emt 0:04:18]} 4. Bg2 {[%emt 0:00:09]} Bg7 {[%emt 0:00:04]} 5. f4 {[%emt 0:00:07]} d6 {[%emt 0:01:38]} 6. Nf3 {[%emt 0:00:31]} Nf6 {[%emt 0:05:52]} 7. d3 {[%emt 0:00:30]} O-O {[%emt 0:01:36]} 8. O-O {[%emt 0:00:12]} Rb8 {[%emt 0:00:43]} 9. a4 {[%emt 0:02:49]} a6 {[%emt 0:02:02]} 10. h3 {[%emt 0:02:43]} b5 {[%emt 0:03:10]} 11. g4 {[%emt 0:06:41]} b4 {[%emt 0:07:12]} 12. Ne2 {[%emt 0:00:54]} c4 13. g5 {[%emt 0:00:30]} cxd3 14. cxd3 {[%emt 0:00:30]} Nd7 15. d4 {[%emt 0:00:30]} Na5 16. Ng3 {[%emt 0:00:30]} Bb7 17. Qd3 {[%emt 0:00:30]} Qc7 18. Rf2 {[%emt 0:00:30]} Qc4 19. Qxc4 {[%emt 0:00:30]} Nxc4 20. b3 {[%emt 0:00:30]} Na5 21. Rb1 {[%emt 0:00:30]} Rfc8 22. Bd2 {[%emt 0:00:30]} Ba8 23. Bf1 {[%emt 0:00:30]} Rb6 24. Be1 {[%emt 0:00:30]} Rc7 25. h4 {[%emt 0:00:30]} Rc8 1/2-1/2

[Event "12th KIIT International 2019"]
[Site "Odisha"]
[Date "2019.06.02"]
[Round "4.8"]
[White "Ter-Sahakyan, Samvel"]
[Black "Rathneesh R"]
[Result "1/2-1/2"]
[WhiteElo "2611"]
[BlackElo "2160"]
[Annotator "TA"]
[PlyCount "104"]
[EventDate "2019.01.18"]
[EventType "swiss"]
[EventCountry "IND"]
[SourceTitle "playchess.com"]
[Source "ChessBase"]
[SourceQuality "1"]

{[%evp 9,104,26,26,8,22,2,8,0,9,0,0,0,11,2,10,3,20,38,38,41,42,42,42,38,39,39,52,37,37,34,48,46,46,34,39,35,37,33,49,45,65,64,60,59,83,85,86,80,90,88,79,85,74,29,72,51,58,49,56,52,32,48,46,39,46,51,60,30,85,0,0,0,0,0,0,0,0,-68,-68,-56,-53,-64,-80,-97,-74,-69,-95,-88,0,-57,0,0,0,-689,-687,-670,1388]} 1. e4 c5 2. Nf3 d6 3. Bb5+ Nd7 4. c3 Ngf6 5. Bd3 (5. Qe2 a6 6. Ba4 b5 7. Bc2 Bb7 8. d4 g6 9. O-O Bg7 10. e5 dxe5 11. dxe5 Bxf3 12. gxf3 Nd5 13. e6 N7f6 14. c4 bxc4 15. exf7+ Kxf7 {0-1 (31) Mamedov,R (2701)-Nepomniachtchi,I (2771) Astana 2019}) 5... e6 6. Bc2 {B51: Sicilian: Moscow Variation (3 Bb5+) without 3...Bd7} b5 7. d4 Bb7 8. Nbd2 {The position is equal.} Be7 9. O-O Qc7 10. Re1 cxd4 $146 ({Predecessor:} 10... O-O 11. Nf1 Rac8 12. Bd3 c4 {0-1 (36) Merry,A (2462)-Steinberg,N (2521) Pardubice 2018}) 11. cxd4 O-O 12. Nf1 Rac8 13. Bd3 a6 14. Ng3 Rfe8 15. Bd2 Bf8 16. h3 Bc6 17. Qe2 Qb8 18. Rad1 g6 19. Nh2 e5 20. d5 $1 {[%cal Rd5c6]} Bb7 21. Ng4 Nxg4 $1 22. hxg4 Nc5 23. Bb1 Na4 24. Be3 Qc7 25. g5 Qd7 26. Nf1 Be7 27. Nh2 f6 28. gxf6 Bxf6 29. Ng4 Bg7 30. Nh6+ Kh8 31. g3 Bxh6 32. Bxh6 Qh3 33. Bg5 Rc7 34. Rc1 Rf7 35. b3 Nc5 36. Be3 Ref8 37. Qf1 Qh5 38. b4 ({Of course not} 38. Bxc5 dxc5 39. Qg2 (39. Rxc5 Bc8 $17) 39... Bc8 $15) 38... Bc8 {[#]} (38... Nd7 $11 {remains equal.}) 39. bxc5 ({White should play} 39. Qg2 $1 $16 Na4 40. Bd3) 39... Bh3 $11 40. Qe2 Bg4 41. f3 $1 {[%cal Rf3g4]} Rxf3 42. Qh2 Bh3 {Threatens to win with ...Qg4!} 43. cxd6 (43. c6 $1 $11) 43... Qg4 $15 44. Bf2 Rxf2 $40 {[%mdl 128] Black mounts an attack.} 45. Qxf2 Rxf2 46. Kxf2 Qg5 {And now ...Qd2+ would win.} 47. Re3 Qf6+ {[%mdl 1024] Black has compensation.} 48. Rf3 Qg5 (48... Qxd6 $17 {aiming for ...Qb4.} 49. Rf7 Qb6+ 50. Kf3 Kg8) 49. Re3 (49. Rc2 $11) 49... Bg4 (49... Bd7 $1 $15) 50. Rc6 $11 Qh6 {...Qh2+ is the strong threat.} 51. Bc2 $2 {[%mdl 8192]} (51. Bd3 $11) 51... Qh2+ $19 52. Ke1 {If only White now had time for Bb3....} Qf2+ $4 {[%mdl 40960] Accuracy: White = 69%, Black = 59%. . An unexpected result.} (52... Qg1+ $19 53. Kd2 Qf2+ 54. Kd3 {[#]} Be2+ $1 {[%mdl 512]} 55. Kd2 Bf1+ 56. Kc3 Qxe3+ 57. Kb2 Qd4+ 58. Kc1 Bh3 59. Rxa6 Bd7 60. Ra8+ Kg7) 1/2-1/2

[Event "12th KIIT International 2019"]
[Site "Odisha"]
[Date "2019.06.02"]
[Round "4.9"]
[White "Petrosyan, Manuel"]
[Black "Dang, Hoang Son"]
[Result "1/2-1/2"]
[WhiteElo "2573"]
[BlackElo "2320"]
[Annotator "TA"]
[PlyCount "61"]
[EventDate "2019.01.18"]
[EventType "swiss"]
[EventCountry "IND"]
[SourceTitle "playchess.com"]
[Source "ChessBase"]
[SourceQuality "1"]

{[%evp 16,61,41,33,31,26,25,15,45,34,53,52,51,56,59,48,76,50,45,62,64,50,51,21,26,11,15,0,8,0,0,-9,0,0,0,-13,26,0,31,47,107,0,0,0,0,0,0,9]} 1. d4 g6 2. Nf3 Bg7 3. g3 Nf6 4. Bg2 O-O 5. O-O d6 6. b3 Nc6 7. Bb2 e5 8. dxe5 Ng4 9. c4 dxe5 {A49: 1 d4 Nf6 2 Nf3 g6 3 g3: Anti-King's Indian systems} (9... Ngxe5 10. Nc3 a5 11. Qd2 Be6 12. Nxe5 dxe5 13. Rfd1 Qxd2 14. Rxd2 Rfd8 15. Rad1 Rxd2 16. Rxd2 Rd8 17. Rxd8+ Nxd8 18. Nd5 {1-0 (79) Moussard,J (2570)-Pavlidis,A (2563) Orsay 2018}) 10. h3 Nh6 11. e4 Be6 12. Nc3 Nd4 13. Nxd4 exd4 14. Nd5 c6 15. Nf4 ({Of course not} 15. Bxd4 cxd5 16. Bxg7 Kxg7 $15) 15... Qd7 $146 ({Predecessor:} 15... Qc7 16. Qd2 Rad8 17. Nd3 f5 18. Rae1 fxe4 19. Rxe4 Bf5 20. Re2 Nf7 21. Rfe1 Rfe8 22. Rxe8+ {1-0 (22) Gorodetzky,D (2447)-Reizniece Ozola,D (2311) Riga 2019}) 16. Qd3 Rad8 17. Rae1 Qc7 18. Nxe6 (18. Qd2 {seems wilder.} Rfe8 19. c5 a5 20. Nd3 f5 21. e5) 18... fxe6 19. Bc1 (19. Ba3 $5 {[%cal Ra3f8]}) 19... Nf7 20. f4 e5 21. Bd2 c5 22. Rf3 Nd6 23. h4 Qe7 24. Rf2 Rde8 25. Qf3 a6 26. a4 b6 27. h5 Qe6 {[#]} ({Better is} 27... gxh5 $14 28. Qxh5 Bf6) 28. Kh2 ({White should play} 28. hxg6 $1 $16 {Threatens to win with f5.} Qxg6 29. f5) 28... g5 $11 {The position is equal.} 29. f5 Qf6 30. Bf1 a5 31. g4 {Accuracy: White = 44%, Black = 61%.} 1/2-1/2

[Event "12th KIIT International 2019"]
[Site "Odisha"]
[Date "2019.06.02"]
[Round "4.10"]
[White "Mohammad Fahad, Rahman"]
[Black "Debashis, Das"]
[Result "1/2-1/2"]
[WhiteElo "2305"]
[BlackElo "2544"]
[Annotator "ChessBase"]
[PlyCount "139"]
[EventDate "2019.01.18"]
[EventType "swiss"]
[EventCountry "IND"]
[SourceTitle "playchess.com"]
[Source "ChessBase"]
[SourceQuality "1"]
[TimeControl "5400+30"]

1. e4 {[%emt 0:00:00]} c5 {[%emt 0:00:11]} 2. Nf3 {[%emt 0:00:00]} e6 {[%emt 0:00:04]} 3. d4 {[%emt 0:00:06]} cxd4 {[%emt 0:00:04]} 4. Nxd4 {[%emt 0:00:07]} a6 {[%emt 0:00:01]} 5. c4 {[%emt 0:00:49]} Nf6 {[%emt 0:00:09]} 6. Nc3 {[%emt 0:00:06]} Qc7 {[%emt 0:00:03]} 7. Be2 {[%emt 0:01:14]} b6 {[%emt 0:11:37]} 8. O-O {[%emt 0:03:14]} Bb7 {[%emt 0:00:17]} 9. Qc2 {[%emt 0:15:44]} Bc5 {[%emt 0:07:33]} 10. Be3 {[%emt 0:01:57]} Nc6 {[%emt 0:01:30]} 11. Rfd1 {[%emt 0:01:48]} O-O {[%emt 0:01:08]} 12. a3 {[%emt 0:01:44]} Rac8 {[%emt 0:05:51]} 13. Nxc6 {[%emt 0:06:35]} Bxc6 {[%emt 0:01:39]} 14. Bxc5 {[%emt 0:03:05]} bxc5 {[%emt 0:00:05]} 15. b4 {[%emt 0:01:30]} Qe5 {[%emt 0:13:49]} 16. f3 {[%emt 0:02:55]} cxb4 {[%emt 0:17:37]} 17. axb4 {[%emt 0:00:02]} Rb8 {[%emt 0:00:09]} 18. Ra5 {[%emt 0:10:18]} Qc7 {[%emt 0:01:08]} 19. Rxa6 {[%emt 0:00:21]} Rxb4 {[%emt 0:00:23]} 20. Qd2 {[%emt 0:00:23]} Qe5 {[%emt 0:05:35]} 21. Qd4 {[%emt 0:02:28]} Qxd4+ {[%emt 0:06:52]} 22. Rxd4 {[%emt 0:00:09]} Rfb8 {[%emt 0:00:31]} 23. Rd2 {[%emt 0:04:03]} Kf8 {[%emt 0:01:23]} 24. Kf2 {[%emt 0:09:04]} Ke7 {[%emt 0:04:42]} 25. Ke3 {[%emt 0:08:20]} Rb3 {[%emt 0:01:13]} 26. Rd3 {[%emt 0:02:31]} R8b4 {[%emt 0:03:38]} 27. Ra2 {[%emt 0:08:09]} Ne8 {[%emt 0:04:08]} 28. Bd1 {[%emt 0:03:06]} Rb2 {[%emt 0:00:17]} 29. Rxb2 {[%emt 0:00:15]} Rxb2 {[%emt 0:00:06]} 30. Rd2 {[%emt 0:00:14]} Rb4 {[%emt 0:00:49]} 31. Be2 {[%emt 0:00:35]} Nd6 {[%emt 0:04:27]} 32. Kd4 {[%emt 0:00:52]} Rb3 {[%emt 0:00:42]} 33. Rc2 {[%emt 0:02:09]} f6 {[%emt 0:00:29]} 34. f4 {[%emt 0:02:08]} Nf7 {[%emt 0:02:12]} 35. g3 {[%emt 0:00:44]} e5+ {[%emt 0:00:24]} 36. Ke3 {[%emt 0:00:16]} Nd6 {[%emt 0:00:42]} 37. Bd3 {[%emt 0:00:20]} Nb7 {[%emt 0:00:25]} 38. Nd1 {[%emt 0:03:43]} Bxe4 {[%emt 0:01:05]} 39. Rc3 {[%emt 0:01:55]} Rxc3 {[%emt 0:00:24]} 40. Nxc3 {[%emt 0:00:04]} Bxd3 {[%emt 0:00:16]} 41. Kxd3 {[%emt 0:00:01]} Ke6 {[%emt 0:01:39]} 42. Nd5 {[%emt 0:00:45]} Nd6 {[%emt 0:01:48]} 43. fxe5 {[%emt 0:00:59]} Kxe5 {[%emt 0:00:08]} 44. Nb6 {[%emt 0:00:10]} Ke6 {[%emt 0:00:14]} 45. Kd4 {[%emt 0:00:27]} h5 {[%emt 0:00:17]} 46. Nd5 {[%emt 0:00:50]} Nf5+ {[%emt 0:01:05]} 47. Ke4 {[%emt 0:00:05]} Nd6+ {[%emt 0:00:03]} 48. Kd4 {[%emt 0:00:03]} g5 {[%emt 0:00:04]} 49. Nc7+ {[%emt 0:00:47]} Ke7 {[%emt 0:00:24]} 50. c5 {[%emt 0:01:10]} Nf5+ {[%emt 0:01:01]} 51. Ke4 {[%emt 0:00:06]} Ng7 {[%emt 0:05:09]} 52. Nd5+ {[%emt 0:00:32]} Ke6 {[%emt 0:00:00]} 53. Nc7+ {[%emt 0:00:35]} Kf7 {[%emt 0:00:00]} 54. Kd5 {[%emt 0:00:11]} Ke7 {[%emt 0:00:00]} 55. Nb5 {[%emt 0:00:23]} Ne6 {[%emt 0:00:00]} 56. c6 {[%emt 0:01:32]} dxc6+ {[%emt 0:00:00]} 57. Kxc6 {[%emt 0:00:01]} g4 {[%emt 0:00:00]} 58. Nc3 {[%emt 0:04:39]} Nd4+ {[%emt 0:03:30]} 59. Kd5 {[%emt 0:01:22]} Nf3 {[%emt 0:00:00]} 60. Ne2 {[%emt 0:00:04]} Nxh2 {[%emt 0:00:00]} 61. Nf4 {[%emt 0:00:00]} Kf7 {[%emt 0:00:19]} 62. Nxh5 {[%emt 0:00:17]} Kg6 {[%emt 0:00:04]} 63. Nf4+ {[%emt 0:00:09]} Kf5 {[%emt 0:00:09]} 64. Ne2 {[%emt 0:00:48]} Nf1 {[%emt 0:00:38]} 65. Kd4 {[%emt 0:00:16]} Nxg3 {[%emt 0:00:10]} 66. Nxg3+ {[%emt 0:00:07]} Kf4 {[%emt 0:00:01]} 67. Nh5+ {[%emt 0:01:09]} Kf3 {[%emt 0:00:05]} 68. Kd5 {[%emt 0:00:23]} g3 {[%emt 0:02:03]} 69. Nxg3 {[%emt 0:00:03]} Kxg3 {[%emt 0:00:03]} 70. Ke6 {[%emt 0:00:07]} 1/2-1/2

[Event "12th KIIT International 2019"]
[Site "Odisha"]
[Date "2019.06.02"]
[Round "4.11"]
[White "Burmakin, Vladimir"]
[Black "Neelash Saha"]
[Result "1-0"]
[WhiteElo "2526"]
[BlackElo "2315"]
[Annotator "ChessBase"]
[PlyCount "85"]
[EventDate "2019.01.18"]
[EventType "swiss"]
[EventCountry "IND"]
[SourceTitle "playchess.com"]
[Source "ChessBase"]
[SourceQuality "1"]
[TimeControl "5400+30"]

1. Nf3 {[%emt 0:00:00]} Nf6 {[%emt 0:03:54]} 2. g3 {[%emt 0:00:26]} d5 {[%emt 0:00:50]} 3. Bg2 {[%emt 0:00:08]} e6 {[%emt 0:00:52]} 4. c4 {[%emt 0:00:24]} Be7 {[%emt 0:00:08]} 5. O-O {[%emt 0:00:08]} O-O {[%emt 0:00:04]} 6. Qc2 {[%emt 0:00:15]} d4 {[%emt 0:00:06]} 7. e3 {[%emt 0:00:15]} c5 {[%emt 0:00:05]} 8. exd4 {[%emt 0:00:41]} cxd4 {[%emt 0:00:04]} 9. d3 {[%emt 0:00:18]} Nc6 {[%emt 0:00:04]} 10. a3 {[%emt 0:00:07]} a5 {[%emt 0:00:05]} 11. Re1 {[%emt 0:00:13]} Nd7 {[%emt 0:00:06]} 12. Nbd2 {[%emt 0:03:37]} a4 {[%emt 0:04:59]} 13. b4 {[%emt 0:00:58]} axb3 {[%emt 0:00:05]} 14. Nxb3 {[%emt 0:00:13]} Nc5 {[%emt 0:00:04]} 15. Bd2 {[%emt 0:05:28]} Nxb3 {[%emt 0:11:02]} 16. Qxb3 {[%emt 0:00:04]} Qc7 {[%emt 0:00:05]} 17. Bb4 {[%emt 0:02:22]} Rd8 {[%emt 0:08:47]} 18. Rab1 {[%emt 0:03:57]} Ra6 {[%emt 0:17:31]} 19. Nd2 {[%emt 0:03:15]} Rb6 {[%emt 0:04:27]} 20. Ba5 {[%emt 0:03:22]} Rxb3 {[%emt 0:00:08]} 21. Bxc7 {[%emt 0:00:07]} Rxb1 {[%emt 0:00:03]} 22. Rxb1 {[%emt 0:00:53]} Rd7 {[%emt 0:00:40]} 23. Bb6 {[%emt 0:00:37]} Ne5 {[%emt 0:11:34]} 24. Rb3 {[%emt 0:00:20]} g5 {[%emt 0:04:04]} 25. a4 {[%emt 0:07:39]} f5 {[%emt 0:05:24]} 26. a5 {[%emt 0:01:10]} g4 {[%emt 0:03:45]} 27. f4 {[%emt 0:05:28]} gxf3 {[%emt 0:00:23]} 28. Nxf3 {[%emt 0:00:09]} Nc6 {[%emt 0:00:04]} 29. Rb5 {[%emt 0:01:34]} Bf6 {[%emt 0:05:50]} 30. Rc5 {[%emt 0:02:41]} Be7 {[%emt 0:01:11]} 31. Rxc6 {[%emt 0:17:34]} bxc6 {[%emt 0:00:17]} 32. Ne5 {[%emt 0:00:03]} Bf6 {[%emt 0:02:43]} 33. Nxd7 {[%emt 0:01:32]} Bxd7 {[%emt 0:00:01]} 34. a6 {[%emt 0:02:13]} Bc8 {[%emt 0:00:04]} 35. a7 {[%emt 0:00:03]} Bb7 {[%emt 0:00:03]} 36. Bf3 {[%emt 0:00:10]} Kf7 {[%emt 0:01:04]} 37. g4 {[%emt 0:00:37]} Kg6 {[%emt 0:00:54]} 38. gxf5+ {[%emt 0:00:13]} exf5 {[%emt 0:00:04]} 39. Bc7 {[%emt 0:03:27]} Be7 {[%emt 0:01:29]} 40. Kg2 {[%emt 0:00:18]} h5 {[%emt 0:01:37]} 41. Kg3 {[%emt 0:01:22]} Bg5 {[%emt 0:01:12]} 42. Be5 {[%emt 0:01:53]} f4+ {[%emt 0:07:08]} 43. Kg2 {[%emt 0:00:47]} 1-0

[Event "12th KIIT International 2019"]
[Site "Odisha"]
[Date "2019.06.02"]
[Round "4.12"]
[White "Konguvel, Ponnuswamy"]
[Black "Malakhatko, Vadim"]
[Result "1/2-1/2"]
[WhiteElo "2293"]
[BlackElo "2505"]
[Annotator "ChessBase"]
[PlyCount "69"]
[EventDate "2019.01.18"]
[EventType "swiss"]
[EventCountry "IND"]
[SourceTitle "playchess.com"]
[Source "ChessBase"]
[SourceQuality "1"]
[TimeControl "5400+30"]

1. e4 {[%emt 0:00:00]} e6 {[%emt 0:00:00]} 2. d4 {[%emt 0:00:05]} d5 {[%emt 0:00:00]} 3. Nc3 {[%emt 0:00:13]} h6 {[%emt 0:00:00]} 4. Bd3 {[%emt 0:05:21]} Nc6 {[%emt 0:00:03]} 5. Nf3 {[%emt 0:00:27]} Nb4 {[%emt 0:00:07]} 6. Bb5+ {[%emt 0:02:49]} c6 {[%emt 0:00:09]} 7. Be2 {[%emt 0:00:34]} Nf6 {[%emt 0:00:25]} 8. e5 {[%emt 0:01:07]} Ne4 {[%emt 0:01:24]} 9. a3 {[%emt 0:00:15]} Nxc3 {[%emt 0:00:17]} 10. bxc3 {[%emt 0:00:05]} Na6 {[%emt 0:00:04]} 11. O-O {[%emt 0:02:29]} Nc7 {[%emt 0:00:27]} 12. a4 {[%emt 0:07:11]} b6 {[%emt 0:00:53]} 13. Nd2 {[%emt 0:03:07]} Ba6 {[%emt 0:07:37]} 14. c4 {[%emt 0:07:00]} Bb4 {[%emt 0:01:48]} 15. cxd5 {[%emt 0:06:22]} Bxe2 {[%emt 0:00:20]} 16. Qxe2 {[%emt 0:00:04]} cxd5 {[%emt 0:00:11]} 17. Qd3 {[%emt 0:04:52]} O-O {[%emt 0:02:04]} 18. Ba3 {[%emt 0:02:42]} Bxa3 {[%emt 0:01:08]} 19. Rxa3 {[%emt 0:00:04]} Rc8 {[%emt 0:00:07]} 20. a5 {[%emt 0:04:10]} b5 {[%emt 0:09:57]} 21. a6 {[%emt 0:01:22]} Qe7 {[%emt 0:01:40]} 22. Rfa1 {[%emt 0:01:01]} Rb8 {[%emt 0:03:59]} 23. Nb3 {[%emt 0:01:22]} f6 {[%emt 0:09:36]} 24. exf6 {[%emt 0:04:50]} Qxf6 {[%emt 0:05:41]} 25. Qe3 {[%emt 0:00:04]} Qf4 {[%emt 0:09:11]} 26. Nc5 {[%emt 0:00:59]} Qxe3 {[%emt 0:00:28]} 27. Rxe3 {[%emt 0:02:19]} Rf4 {[%emt 0:01:27]} 28. c3 {[%emt 0:07:52]} Rb6 {[%emt 0:02:42]} 29. g3 {[%emt 0:07:20]} Rf7 {[%emt 0:00:22]} 30. f4 {[%emt 0:00:17]} b4 {[%emt 0:01:58]} 31. cxb4 {[%emt 0:08:31]} Rxb4 {[%emt 0:00:06]} 32. Rd1 {[%emt 0:00:16]} Rb6 {[%emt 0:00:54]} 33. Ra1 {[%emt 0:02:29]} Rb4 {[%emt 0:02:16]} 34. Rd1 {[%emt 0:01:50]} Rb6 {[%emt 0:00:09]} 35. Ra1 {[%emt 0:00:07]} 1/2-1/2

[Event "12th KIIT International 2019"]
[Site "Odisha"]
[Date "2019.06.02"]
[Round "4.13"]
[White "Neverov, Valeriy"]
[Black "Raahul V S"]
[Result "1-0"]
[WhiteElo "2495"]
[BlackElo "2292"]
[Annotator "ChessBase"]
[PlyCount "103"]
[EventDate "2019.01.18"]
[EventType "swiss"]
[EventCountry "IND"]
[SourceTitle "playchess.com"]
[Source "ChessBase"]
[SourceQuality "1"]
[TimeControl "5400+30"]

1. d4 {[%emt 0:00:00]} d5 {[%emt 0:00:00]} 2. c4 {[%emt 0:00:00]} c6 {[%emt 0:00:00]} 3. Nf3 {[%emt 0:00:51]} Nf6 {[%emt 0:00:00]} 4. e3 {[%emt 0:02:18]} e6 {[%emt 0:00:00]} 5. Nbd2 {[%emt 0:07:25]} Nbd7 {[%emt 0:01:24]} 6. Bd3 {[%emt 0:10:43]} Bd6 {[%emt 0:00:59]} 7. b3 {[%emt 0:01:35]} e5 {[%emt 0:02:13]} 8. cxd5 {[%emt 0:02:40]} cxd5 {[%emt 0:00:11]} 9. dxe5 {[%emt 0:01:56]} Nxe5 {[%emt 0:00:02]} 10. Bb5+ {[%emt 0:00:51]} Bd7 {[%emt 0:00:26]} 11. Bxd7+ {[%emt 0:00:29]} Qxd7 {[%emt 0:00:08]} 12. O-O {[%emt 0:00:13]} Nd3 13. Qe2 {[%emt 0:21:27]} Nxc1 {[%emt 0:01:22]} 14. Raxc1 {[%emt 0:02:52]} O-O {[%emt 0:00:10]} 15. Nb1 {[%emt 0:06:16]} Rac8 {[%emt 0:02:32]} 16. Qb2 {[%emt 0:00:42]} Rxc1 {[%emt 0:05:23]} 17. Rxc1 {[%emt 0:00:12]} Rc8 {[%emt 0:00:09]} 18. Nc3 {[%emt 0:03:35]} Bb4 {[%emt 0:03:42]} 19. Ne2 {[%emt 0:04:48]} Ne4 {[%emt 0:04:50]} 20. Ne5 {[%emt 0:07:11]} Qf5 {[%emt 0:03:02]} 21. Rxc8+ {[%emt 0:11:27]} Qxc8 {[%emt 0:00:31]} 22. Nd3 {[%emt 0:03:46]} Be7 {[%emt 0:04:16]} 23. f3 {[%emt 0:04:17]} Bf6 {[%emt 0:00:32]} 24. Qc1 {[%emt 0:00:44]} Qxc1+ {[%emt 1:10:08]} 25. Ndxc1 {[%emt 0:06:12]} Nc5 {[%emt 0:00:00]} 26. Nf4 {[%emt 0:00:00]} d4 {[%emt 0:00:00]} 27. e4 {[%emt 0:00:00]} Bg5 {[%emt 0:00:00]} 28. Ncd3 {[%emt 0:00:00]} Bxf4 {[%emt 0:00:00]} 29. Nxc5 {[%emt 0:00:00]} b6 {[%emt 0:00:00]} 30. Nd3 {[%emt 0:00:00]} Bc7 {[%emt 0:00:00]} 31. Kf2 {[%emt 0:00:00]} Kf8 {[%emt 0:00:00]} 32. h3 {[%emt 0:01:37]} Ke7 {[%emt 0:00:00]} 33. Ke2 {[%emt 0:01:03]} Bd6 {[%emt 0:00:00]} 34. Ne1 {[%emt 0:00:43]} Ke6 {[%emt 0:00:00]} 35. Nc2 {[%emt 0:00:56]} Ke5 {[%emt 0:00:00]} 36. Kd3 {[%emt 0:00:03]} Bc5 {[%emt 0:00:00]} 37. b4 {[%emt 0:00:24]} Kf4 {[%emt 0:00:00]} 38. bxc5 {[%emt 0:00:36]} bxc5 {[%emt 0:00:00]} 39. Ke2 {[%emt 0:00:56]} Kg3 {[%emt 0:00:00]} 40. Kf1 {[%emt 0:00:28]} f6 {[%emt 0:00:00]} 41. Na3 {[%emt 0:00:25]} a6 {[%emt 0:00:00]} 42. Nc4 {[%emt 0:00:06]} g6 {[%emt 0:00:00]} 43. a4 {[%emt 0:00:34]} h5 {[%emt 0:00:00]} 44. a5 {[%emt 0:00:43]} g5 {[%emt 0:00:00]} 45. e5 {[%emt 0:00:46]} fxe5 {[%emt 0:00:00]} 46. Nxe5 {[%emt 0:00:03]} Kf4 {[%emt 0:00:00]} 47. Nd3+ {[%emt 0:00:19]} Ke3 {[%emt 0:00:00]} 48. Nxc5 {[%emt 0:00:08]} d3 {[%emt 0:00:00]} 49. Ke1 {[%emt 0:01:16]} d2+ {[%emt 0:00:00]} 50. Kd1 {[%emt 0:00:04]} Kf2 {[%emt 0:00:00]} 51. Nxa6 {[%emt 0:00:58]} Kxg2 {[%emt 0:00:00]} 52. Nc5 {[%emt 0:00:22]} 1-0